DC Comics Superhero / Villians - Statistics

General Stats
  • This quiz has been taken 1,250 times
    1,248 since last reset
  • The average score is 12 of 15
Answer Stats
Hint Answer % Correct
Krypton is this hero's home planet. Superman/Kal El
99%
Nickname is the "emerald archer" The Green Arrow
95%
Amazonian Princess Wonder Woman
92%
The "world's greatest detective" is a one of DC's most popular heroes. Batman
91%
Dick Grayson retired as Robin to officially become Nightwing
89%
He can vibrate through walls/solid objects The Flash
86%
Commisoner Gordon's Daughter is Batgirl/Oracle
85%
He broke Batman's back. Bane
83%
Expert in chemical engineering. Sadistic sense of humor. Thrives for absolute chaos. The Joker
81%
Captain Marvel's name was changed to ______ due to legal battles. Shazam
73%
Rich, gifted scientist, philanthropist, and one of the most intelligent people in the world. Lex Luthor
64%
Sent to the Phantom Zone, this super-powered villain is bent on the annihilation of his jailer's son. General Zod
61%
This shape shifter has superman-like powers. Martian Manhunter
61%
What fuels Green Lantern's ring Will power
46%
Aside from Kryptonite, what is Superman vulnerable to? Magic
42%
No matching quizzes found
Score Distribution
Percent of People with Each Score
Percentile by Number Answered
Your Score History
You have not taken this quiz since the last reset